[Event "Guimaraes Open 2018"]
[Site "Guimaraes"]
[Date "2018.10.05"]
[Round "2"]
[White "Dias, Jose Oliveira Gaspa"]
[Black "Rey Malde, Henrique"]
[Result "0-1"]
[WhiteElo "1622"]
[BlackElo "2185"]
[Annotator "TA"]
[PlyCount "106"]
[EventDate "2018.10.04"]
[EventType "swiss"]
[EventCountry "POR"]
[SourceTitle "playchess.com"]
[Source "ChessBase"]
[SourceQuality "1"]

{[%evp 18,106,45,42,30,0,36,24,51,39,43,45,54,44,52,3,60,10,77,0,19,23,68,50,54,37,90,31,112,0,93,18,116,45,70,72,95,61,61,53,59,61,61,69,60,10,71,74,79,65,57,64,69,60,90,0,0,0,17,-31,0,0,0,0,32,-23,0,0,0,0,0,0,0,-28,0,0,0,-342,-306,-29987,-29988,-29988,-29989,-29989,-29990,-29987,-29985,-29988,-29989,-29992,-29993]} 1. d4 Nf6 2. Bf4 c5 3. e3 d5 4. Nd2 Nc6 5. c3 (5. Ngf3 e6 6. c3 Be7 7. Ne5 O-O 8. Bd3 Bd6 9. Ndf3 Qc7 10. h4 Ne4 11. Qc2 f6 12. Nxc6 Bxf4 13. exf4 Qxc6 14. dxc5 f5 15. b4 Qc7 16. Ne5 {0-1 (34) Wei,Y (2729)-So,W (2780) chess.com INT 2018}) 5... Qb6 6. Qb3 {D00: 1 d4 d5: Unusual lines} g6 7. h3 Bg7 8. Ngf3 c4 9. Qa3 O-O 10. Be2 {LiveBook: 6 Games} Bf5 11. O-O a5 12. b3 cxb3 13. axb3 Rfc8 14. Rfc1 {[#]} h6 $146 ({Predecessor:} 14... Bf8 15. Qa4 Bd7 {1-0 (35) Dlugy,M (2518)-Dreev,A (2644) Berlin 2015}) 15. g4 Bd7 16. Ne5 Bf8 (16... Nxe5 $1 $11 17. Bxe5 (17. dxe5 Ne4 $11) 17... Qe6) 17. Qa2 Be6 (17... Nxe5 $11 {keeps the balance.} 18. Bxe5 (18. dxe5 Ne4 $11) 18... h5) 18. Qb1 ({White should try} 18. Nd3 $16) 18... Nxe5 $11 19. Bxe5 Nd7 20. Bg3 Bg7 21. Bd3 Rf8 ({Better is} 21... Nf6 $14) 22. Ra3 (22. c4 $16) 22... f5 (22... h5 $14) 23. f3 (23. c4 $16) 23... Nf6 (23... Ne5 $11) 24. Kg2 ({Don't play} 24. gxf5 Nh5 $11) (24. b4 $16) 24... Nh7 (24... Bd7 $11 {remains equal.}) 25. Rc2 ({White should play} 25. c4 $16) 25... Ng5 26. Rca2 Qc6 27. b4 {[%cal Bb3b4,Bb4b5][%mdl 32]} a4 28. b5 Qc8 29. h4 {[#] And now gxf5 would win.} Nh7 {[%cal Bg5h7,Bh7f6,Bf6d5][%mdl 32]} 30. gxf5 $1 ({But not} 30. Rxa4 Rxa4 31. Rxa4 fxg4 $11) 30... Bxf5 31. e4 Bh3+ (31... dxe4 $1 $11 32. Nxe4 Nf6) 32. Kh2 $16 dxe4 33. Bxe4 Bf5 34. Qd3 Nf6 35. Bxf5 gxf5 36. Qc4+ (36. Nc4 $16 Nd5 37. Rxa4 Rxa4 38. Rxa4) 36... Qxc4 $11 37. Nxc4 Nd5 38. Be5 ({Much weaker is} 38. Rxa4 Rxa4 39. Rxa4 Nxc3 $17) 38... Rac8 (38... Rfc8 $5 {[%cal Rc8c4]} 39. Rxa4 Rxa4 40. Rxa4 Nxc3 $15) 39. Rg2 Rf7 40. Rxa4 Nxc3 41. Rb4 (41. Ra1 $14 Kh7 42. Rag1) 41... Kh7 42. Nb6 Bxe5+ 43. dxe5 Rc5 44. e6 Rg7 45. Rgb2 Nd1 46. Re2 Rc3 47. Rf4 $2 {[%mdl 8192]} (47. Nd5 $1 $11 Rxf3 48. Rf4 Rxf4 49. Nxf4) 47... Ne3 $19 {...Nf1+ is the strong threat.} 48. Nd7 $2 {[#]} (48. Rf2 $19) 48... Nf1+ {Black mates.} 49. Kh1 Ng3+ 50. Kh2 Nxe2 51. Rxf5 Nd4 52. Nf8+ Kg8 53. Rf4 Nxf3+ {Precision: White = 30%, Black = 34%.} 0-1

[Event "Guimaraes Open 2018"]
[Site "Guimaraes"]
[Date "2018.10.05"]
[Round "2"]
[White "Gama, Joao Goncalo Cereje"]
[Black "Represa Perez, Mireya"]
[Result "0-1"]
[WhiteElo "1598"]
[BlackElo "2151"]
[Annotator "TA"]
[PlyCount "86"]
[EventDate "2018.10.04"]
[EventType "swiss"]
[EventCountry "POR"]
[SourceTitle "playchess.com"]
[Source "ChessBase"]
[SourceQuality "1"]

{[%evp 9,85,22,27,26,29,24,22,29,27,21,15,10,18,23,56,44,54,62,55,36,64,28,26,24,14,-65,-48,-168,-131,-100,-96,-186,-179,-217,-202,-287,-83,-122,-103,-76,-41,-20,87,0,0,-101,-121,-132,92,-189,287,285,275,258,332,320,349,348,336,289,265,236,232,231,221,183,206,-29985,-29987,-29990,-29991,-29993,-29994,-29994,-29994,-29995,-29996,-29999]} 1. e4 c5 2. Nf3 d6 3. Bb5+ Nd7 4. O-O a6 5. Bd3 Ngf6 6. Re1 {B51: Sicilian: Moscow Variation (3 Bb5+) without 3...Bd7} g6 7. c3 {[%cal Bc2c3,Bc3d4,Bd4d5][%mdl 32]} Bg7 8. Bc2 {The position is equal.} O-O 9. d4 cxd4 (9... e5 10. a4 cxd4 11. cxd4 exd4 12. Nxd4 Nc5 {1-0 (33) Jakovenko,D (2748)-Nepomniachtchi,I (2768) Satka 2018}) 10. cxd4 e5 11. d5 Ne8 $146 ({Predecessor:} 11... b5 12. a4 b4 {1-0 (41) Leenhouts,K (2486)-Vaishali,R (2327) Vlissingen 2017}) 12. Nc3 h6 {[%cal Bh7h6,Bh6h5][%mdl 32]} 13. a4 f5 14. h3 f4 15. b4 g5 {[%cal Bg6g5,Bg5g4][%mdl 32]} 16. Nh2 Ndf6 17. Bb2 (17. a5 $11) 17... h5 $1 $15 18. Rc1 ({White should play} 18. a5 $15) 18... Bh6 19. a5 b5 20. f3 (20. axb6 $17 Qxb6 21. Na4) 20... g4 $1 $19 21. Kh1 (21. fxg4 hxg4 22. hxg4 (22. Nxg4 $2 Nxg4 23. Qf3 Ne3 $19) 22... Qc7 $15) 21... Ra7 22. Rg1 (22. hxg4 hxg4 23. Kg1 (23. fxg4 $2 Rh7 $19) 23... Rh7 $17) (22. Bd3 {is a better defense.}) 22... Nh7 $2 (22... g3 $19 {has better winning chances.} 23. Nf1 Nh7) 23. fxg4 $17 Rg7 24. gxh5 f3 25. Nxf3 {Strongly threatening Qd3.} Kh8 (25... Ng5 $11 26. Nh2 Bxh3) 26. Rb1 (26. Ra1 $16 {aiming for Qe2.} Rg3 27. Nh2 (27. Rf1 Bxh3 28. gxh3 Rxh3+ 29. Kg2 Qc8 $17)) 26... Be3 $1 $11 {[%cal Re3g1]} 27. Qe2 (27. Rf1 $11 Bxh3 28. gxh3) 27... Bxg1 $17 28. Rxg1 {Hoping for Nd1.} ({Of course not} 28. Nxg1 $6 Qh4 $11) 28... Rfg8 $2 (28... Ng5 $1 $17 {[%cal Rg5f3] White must now prevent ...Nxf3.} 29. h6 Rg6) 29. Bc1 $2 {[%mdl 8192] [#]} (29. Qe3 $1 $16) 29... Qf6 $4 {[%mdl 8192]} (29... Bxh3 $1 $19 {and life is good for Black.} 30. gxh3 Qc8 31. Rxg7 Nxg7 32. Nxe5 Qxh3+ 33. Qh2 Qf1+ 34. Qg1 Qh3+ 35. Qh2 Qf1+ 36. Qg1 Qh3+ 37. Qh2) 30. g4 $18 Qd8 31. Nd1 Rc7 32. Ne3 Ng5 33. Nxg5 Qxg5 34. Nf5 Qd8 {White should prevent ...Bxf5.} 35. Bd3 Bxf5 36. exf5 Qh4 {[#]} 37. Kh2 $1 Nf6 38. Qe1 $4 {[%mdl 8192]} (38. Bd2 $18) 38... Nxg4+ $1 {Black mates.} 39. Rxg4 Qxe1 40. Rxg8+ Kxg8 41. Bg5 Qf2+ 42. Kh1 Rc3 43. Be4 Rxh3# {Precision: White = 39%, Black = 64%.} 0-1

[Event "Guimaraes Open 2018"]
[Site "Guimaraes"]
[Date "2018.10.05"]
[Round "2"]
[White "Melo, David Emmanuel do V"]
[Black "Abella Vazquez, Cesar"]
[Result "0-1"]
[WhiteElo "1590"]
[BlackElo "2144"]
[Annotator "TA"]
[PlyCount "60"]
[EventDate "2018.10.04"]
[EventType "swiss"]
[EventCountry "POR"]
[SourceTitle "playchess.com"]
[Source "ChessBase"]
[SourceQuality "1"]

{[%evp 23,60,12,24,5,18,-24,0,0,0,0,0,8,3,0,16,-23,0,0,0,-26,0,-54,-39,-199,-108,-479,-458,-571,-539,-889,-872,-820,-420,-395,-426,-461,-383,-1004,-849]} 1. e4 e6 2. d4 d5 3. e5 c5 4. c3 Nc6 5. Nf3 Nh6 6. Bd3 Nf5 7. Bxf5 exf5 8. a3 {C02: French: Advance Variation} Qb6 9. O-O Be6 10. b4 cxd4 11. cxd4 Be7 12. Nc3 O-O {LiveBook: 20 Games} 13. Na4 Qd8 14. Bb2 (14. Be3 b6 15. Qd2 Qd7 16. Nb2 Rfc8 17. Nd3 Rc7 18. Nf4 Rac8 19. Nh5 Qd8 {1-0 (37) Vitiugov,N (2721)-Werle,J (2555) Karlsruhe 2016}) 14... a5 $146 ({Predecessor:} 14... b6 15. Rc1 Qd7 16. Qb3 Rfc8 17. Bc3 Bf8 18. b5 Nd8 19. h3 h6 20. Rfd1 Nb7 21. Ne1 Rc7 22. Rc2 Be7 23. Nd3 Rac8 24. Rdc1 Kh8 25. Nab2 Kg8 26. a4 {½-½ (26) Madl,I (2348)-Bensdorp,M (2238) Germany 2004}) 15. b5 Na7 {[%cal Bc6a7,Ba7c8,Bc8b6,Bb6c4][%mdl 32]} 16. Nc3 Nc8 17. a4 Nb6 18. Ba3 Rc8 19. Qb3 Nc4 20. Bxe7 Qxe7 21. Rfc1 Rc7 22. Kf1 ({Better is} 22. Ne2 $11) 22... Rfc8 23. Ke2 $2 {[#]} (23. Ne2 $15) 23... b6 (23... g5 $1 $19 24. b6 Rc6) 24. Kd3 $2 {[%mdl 8192]} (24. Kf1 $17 {is tougher.}) 24... g5 $19 {[%cal Bg7g5,Bg5g4][%mdl 32]} 25. Na2 g4 26. Nd2 Qg5 {[%csl Gc4][%cal Rg5d2]} 27. Rd1 Qf4 28. Ke2 Qxh2 {[#] aiming for ...f4.} 29. g3 Qh6 30. Nc1 $2 (30. Nxc4 Rxc4 31. Qe3 Qxe3+ 32. fxe3) 30... Nxd2 {Precision: White = 10%, Black = 39%.} 0-1

[Event "Guimaraes Open 2018"]
[Site "Guimaraes"]
[Date "2018.10.06"]
[Round "3"]
[White "Fedorchuk, Sergey A."]
[Black "Rego, Pedro Filipe Pinho"]
[Result "1-0"]
[WhiteElo "2604"]
[BlackElo "2251"]
[Annotator "TA"]
[PlyCount "63"]
[EventDate "2018.10.04"]
[EventType "swiss"]
[EventCountry "POR"]
[SourceTitle "playchess.com"]
[Source "ChessBase"]
[SourceQuality "1"]

{[%evp 30,63,0,0,12,0,2,-2,49,50,68,44,104,102,184,158,149,111,99,93,152,142,163,116,233,117,125,105,122,57,50,49,315,267,5663,5647]} 1. e4 c5 2. Nf3 e6 3. Nc3 Nc6 4. Be2 Nf6 5. O-O Be7 6. d4 cxd4 7. Nxd4 Qc7 8. Be3 O-O 9. f4 d6 10. Kh1 Nxd4 11. Qxd4 b6 {B83: Sicilian Scheveningen: 6 Be2, lines without ...a6} 12. Bf3 Bb7 13. Nb5 Qb8 14. c4 Rd8 15. Rad1 (15. Qd3 a6 16. Nc3 Qc7 17. Rac1 Rac8 18. b3 Nd7 19. Rfd1 {½-½ (26) Wang,H (2709)-Safarli,E (2639) Riadh 2017}) 15... a6 16. Nc3 {LiveBook: 6 Games} b5 17. cxb5 axb5 18. Qb4 {[#]} Bf8 $146 (18... Qc8 $11) ({Predecessor:} 18... Rd7 19. Qxb5 Qc8 20. Rf2 {½-½ (38) Galkin,A (2510)-Razuvaev,Y (2565) Novgorod 1997}) 19. Qxb5 $14 Qc8 20. Qg5 Qc4 (20... d5 $14) 21. Bd4 $36 {[%mdl 2048] White has strong initiative.} h6 (21... Nd7 $16 {was necessary.}) 22. Qg3 $18 Nd7 23. e5 Bxf3 24. Qxf3 Nc5 ({Black should try} 24... Ra6) 25. b3 $16 Qa6 26. exd6 Bxd6 (26... Rxd6 $16 27. f5 Qc6) 27. f5 (27. b4 $18 Na4 28. b5) 27... e5 28. Be3 Bf8 29. Nd5 (29. Bxc5 $16 Rxd1 30. Rxd1 Bxc5 31. a4) 29... e4 $14 30. Qf4 {Black must now prevent Bxc5.} Qc6 $2 {[%mdl 8192] [#]} (30... Qb7 $1 $14 31. Bxc5 Rxd5 32. Bxf8 Rxf8) 31. f6 $1 $18 {[%cal Rf6g7]} g6 $2 (31... Nd3 32. Ne7+ Bxe7 33. fxe7 Rd6 34. Qxf7+ Kh7 35. Qf5+ Kg8 36. Qf8+ Kh7) 32. Ne7+ {Precision: White = 65%, Black = 23%.} 1-0

[Event "Guimaraes Open 2018"]
[Site "Guimaraes"]
[Date "2018.10.06"]
[Round "3"]
[White "Spraggett, Kevin Barry"]
[Black "Pinho, Paulo Miguel Leitao"]
[Result "1-0"]
[WhiteElo "2513"]
[BlackElo "2212"]
[Annotator "TA"]
[PlyCount "93"]
[EventDate "2018.10.04"]
[EventType "swiss"]
[EventCountry "POR"]
[SourceTitle "playchess.com"]
[Source "ChessBase"]
[SourceQuality "1"]

{[%evp 16,93,43,36,85,75,90,85,105,94,123,100,96,73,109,87,92,57,65,55,58,48,49,50,91,99,197,49,63,29,60,43,51,46,62,48,79,69,76,66,79,91,106,113,178,56,93,60,99,83,131,99,217,220,268,264,266,274,264,280,601,550,584,552,607,620,621,571,620,618,612,608,579,539,643,629,795,786,738,719]} 1. d4 Nf6 2. c4 g6 3. Nc3 Bg7 4. e4 d6 5. Nf3 O-O 6. Be2 e5 7. O-O Nbd7 8. Re1 c6 9. Bf1 {LiveBook: 935 Games} Nh5 {E95: King's Indian: Classical: 7...Nbd7 8 Re1} (9... Qe7 10. h3 Ne8 11. a4 a5 12. b3 Nc7 13. Ba3 exd4 14. Nxd4 Nc5 15. e5 dxe5 16. Ne4 N7a6 17. Nxc5 Nxc5 {1-0 (59) Li,C (2732)-Onischuk,V (2637) Riadh 2017}) 10. d5 c5 11. g3 $146 ({Predecessor:} 11. a3 Kh8 12. b4 a6 13. Rb1 f5 14. Ng5 Ndf6 15. Ne6 Bxe6 16. dxe6 Re8 17. exf5 gxf5 {1-0 (34) Vossenkuhl,J (2147)-Zunker,R (2234) Bad Woerishofen 2001}) 11... Bf6 {White is better.} 12. Bh6 Ng7 13. a3 Be7 14. b4 b6 15. Rb1 Nf6 16. h3 Kh8 $1 17. bxc5 bxc5 18. Bg2 Ng8 19. Bd2 f5 20. exf5 gxf5 {[#]} (20... Bxf5 $16 21. Rb2 Rb8 22. Rxb8 Qxb8) 21. Rb3 ({White has to play} 21. Nxe5 $1 $18 dxe5 22. d6 (22. Rxe5 Bd6 $11)) 21... Bd7 22. Qe2 Rb8 23. Reb1 Rxb3 24. Rxb3 Qc8 25. Kh2 Nf6 26. Bh6 Ng8 27. Bc1 Nf6 28. Qb2 Qe8 29. Rb7 Qh5 (29... a6 $16 30. Kg1 e4) 30. Nh4 (30. Rxa7 $18 {aiming for Ne2.} Rg8 31. Ne2) 30... f4 $14 31. Qe2 {Black must now prevent Qxh5.} Qh6 {Threatens to win with ...fxg3+.} 32. Bd2 $36 {[%cal Bc1d2,Bd2f4,Bf4e3][%mdl 2080] Keeping Black busy.} Bd8 33. Nb5 Bc8 (33... Bxb5 $16 {was necessary.} 34. cxb5 Bb6) 34. Rb8 $18 ({But not} 34. Nxd6 $6 Bxb7 35. Nxb7 Nd7 $16) 34... Be7 {[#]} 35. Bxf4 $1 {[%mdl 512]} Qh5 (35... exf4 36. Qxe7) 36. Qxh5 Nfxh5 37. Be3 ({Weaker is} 37. Nxa7 Ba6 $16) 37... Bxh4 $2 (37... Ba6) 38. Nxa7 {White is clearly winning.} Be7 {Threatening ...Ba6.} 39. Rxc8 Nf5 40. Rxf8+ Bxf8 41. g4 Nxe3 42. fxe3 {KBN-KBN} Nf6 43. a4 {[%cal Ba3a4,Ba4a5][%mdl 32]} Nd7 44. Nc8 Kg7 45. Be4 h6 46. a5 Nb8 47. Bc2 {Precision: White = 57%, Black = 30%.} 1-0

[Event "Guimaraes Open 2018"]
[Site "Guimaraes"]
[Date "2018.10.06"]
[Round "3"]
[White "Larino Nieto, David"]
[Black "Ferreira, Hugo Miguel Da Cost"]
[Result "1-0"]
[WhiteElo "2433"]
[BlackElo "2130"]
[Annotator "TA"]
[PlyCount "147"]
[EventDate "2018.10.04"]
[EventType "swiss"]
[EventCountry "POR"]
[SourceTitle "playchess.com"]
[Source "ChessBase"]
[SourceQuality "1"]

{[%evp 13,147,-15,1,2,37,36,59,79,175,98,155,93,102,66,70,13,13,21,8,24,29,9,51,0,16,14,76,70,61,69,68,61,144,123,147,139,179,130,127,86,94,110,100,46,43,13,24,12,112,6,7,7,85,0,0,0,0,0,0,0,0,0,0,0,0,0,0,0,0,0,0,0,0,0,0,0,0,0,0,0,0,-3,0,0,0,0,0,0,38,41,143,147,121,95,282,259,200,237,173,188,474,462,422,407,558,599,424,424,1107,1107,1107,1021,849,817,769,697,29968,29973,29972,29970,29972,29973,29975,29977,29976,29978,29978,29979,29978,29980,29980,29981,29981,29982,29982,29983]} 1. d4 Nf6 2. Bg5 e6 3. Nd2 d5 4. e3 Be7 5. Bd3 O-O 6. f4 {D00: 1 d4 d5: Unusual lines} c5 7. c3 b6 {LiveBook: 4 Games} (7... Nbd7 8. Ngf3 b6 9. Ne5 Bb7 10. Qf3 Nxe5 11. dxe5 Nd7 12. Qh3 g6 {1-0 (23) Indjic,A (2575)-Thybo,J (2465) Warsaw 2017}) 8. Ngf3 {The position is equal.} cxd4 9. exd4 Bb7 $146 ({Predecessor:} 9... h6 10. Bh4 Bb7 11. O-O Ne4 12. Bxe7 Qxe7 13. Qe2 f5 {½-½ (50) Henke,S (1411)-Granara Barreto,S (1863) LSS email 2013}) 10. Qe2 h6 (10... Qc8 $16) 11. h4 (11. Bxf6 $1 $18 Bxf6 12. O-O) 11... Qc7 ({But not} 11... hxg5 $2 12. hxg5 g6 13. gxf6 $18) (11... Nc6 $142) 12. Ne5 (12. g4 $142) 12... Nc6 $16 13. Bxf6 Bxf6 14. g4 (14. Ndf3 $14) 14... Bxe5 $1 $11 15. fxe5 f6 16. exf6 Qg3+ 17. Kd1 Rxf6 {[#]} 18. Nf1 ({Better is} 18. g5 $1 $14 {[%mdl 512]} hxg5 19. hxg5 Qxg5 20. Kc2) 18... Qf3 19. g5 $1 $36 {[%cal Rg5f6][%mdl 2048] White is more active.} Rf4 {[#]} (19... Qxe2+ $11 20. Kxe2 Rf7) 20. gxh6 $1 $16 {[%mdl 512]} Qxe2+ (20... gxh6 21. Rg1+) 21. Kxe2 {Threatens to win with Rg1.} gxh6 22. Ne3 Raf8 (22... Kh8 $1 $14) 23. Rag1+ $1 Kf7 24. Rg6 Rh8 25. Rhg1 {Rg7+ is the strong threat.} Ne7 26. Rg7+ Kf8 27. R7g4 Rf7 28. h5 (28. R4g3 $16) 28... Bc6 $14 29. Ng2 Bd7 $1 30. Rg3 Rg8 (30... Be8 $11 {remains equal.}) 31. Nh4 (31. Rxg8+ $16 Kxg8 32. Nf4+ Kf8 33. Ng6+ Nxg6 34. Rxg6) 31... Rxg3 $11 32. Rxg3 Be8 (32... Rf6 $1 $11) 33. Ke3 (33. Ng6+ $16 Nxg6 34. hxg6 (34. Rxg6 Rh7 $14)) 33... Rf6 $1 34. Be2 Nf5+ 35. Nxf5 Rxf5 {[%mdl 4096] Endgame KRB-KRB} 36. Rh3 Ke7 37. Rh1 Kf6 38. Bg4 Rg5 39. Kf4 Bf7 40. Re1 Rg7 41. Bf3 Rg5 42. Bg4 Rg7 43. b3 Rg5 44. Re3 Bg8 45. c4 dxc4 46. bxc4 Ra5 47. a3 Bf7 48. Kg3 Ra4 49. Rc3 {Strongly threatening c5.} Be8 50. Rf3+ Ke7 (50... Kg7 {keeps more tension.} 51. Bxe6 Bxh5 52. Rc3 Bf7 53. Bxf7 Kxf7 54. Kf3 Ke6) 51. Re3 Bf7 (51... Rxc4 $14 52. Rxe6+ Kf7) 52. Bxe6 $1 $16 Bxe6 53. d5 {[%cal Bd4d5,Bd5d6][%mdl 32]} Rxc4 $2 (53... Kf6 $16 {keeps fighting.} 54. Rxe6+ Kf5) 54. Rxe6+ {KR-KR} Kf7 55. Rxh6 Rd4 56. d6 Kg7 $2 (56... b5 {was worth a try.} 57. Rh7+ Kf6 58. Rxa7 Rxd6) 57. Rg6+ $1 $18 Kf7 58. Kf3 Rh4 {[#]} 59. Rh6 $1 {[%cal Rh6h8]} Kg7 60. Re6 Kf7 (60... Rxh5 $142 61. Ke4 Rh2) 61. Re7+ Kf6 62. Re8 Rd4 63. h6 {Intending h7 and mate.} Kg6 64. Re6+ Kh7 65. Ke3 {White mates.} Rd1 66. Ke4 b5 67. Ke5 a5 68. Kf6 b4 69. axb4 axb4 70. Ke7 b3 {[#]} 71. Re2 $1 Kxh6 72. d7 b2 73. Rxb2 Re1+ 74. Kd8 {Precision: White = 71%, Black = 45%.} 1-0

[Event "Guimaraes Open 2018"]
[Site "Guimaraes"]
[Date "2018.10.06"]
[Round "3"]
[White "Campora Sivori, Daniel Hugo"]
[Black "Santos, Jose Guilherme Barr"]
[Result "1-0"]
[WhiteElo "2413"]
[BlackElo "2108"]
[Annotator "TA"]
[PlyCount "139"]
[EventDate "2018.10.04"]
[EventType "swiss"]
[EventCountry "POR"]
[SourceTitle "playchess.com"]
[Source "ChessBase"]
[SourceQuality "1"]

{[%evp 15,139,21,18,-6,0,0,0,0,11,12,12,0,0,0,10,4,0,3,4,7,12,3,48,-10,98,98,91,104,100,93,87,95,88,93,106,83,93,72,75,67,70,42,41,40,84,84,88,42,76,66,81,77,70,79,75,56,92,89,93,95,257,89,94,90,98,102,167,167,151,109,115,102,171,163,158,89,89,83,89,89,89,88,117,95,153,129,127,119,193,191,193,193,216,216,216,216,216,216,216,135,147,81,81,81,81,77,77,77,76,76,75,72,80,80,81,81,81,81,80,80,76,68,29992,29993,29993,829]} 1. Nf3 Nf6 2. g3 g6 3. Bg2 Bg7 4. O-O d6 5. d4 O-O 6. Nc3 Nbd7 7. e4 e5 8. h3 c6 9. Re1 {B07: Pirc Defence: Miscellaneous Systems} (9. Be3 Qc7 10. a4 a5 11. Qd2 Re8 12. Rad1 exd4 13. Nxd4 Ne5 14. b3 Qe7 15. f4 Ned7 16. Bf2 Nc5 17. Rfe1 Nfd7 18. Kh2 h5 19. Nf3 b6 20. Bd4 Bh6 21. e5 {0-1 (75) Harikrishna,P (2744)-Onischuk,V (2637) Riadh 2017}) 9... Qc7 10. a4 b6 11. Be3 {The position is equal.} a6 12. dxe5 dxe5 13. Nd2 {[%cal Bf3d2,Bd2c4,Bc4b6][%mdl 32]} Rd8 14. Nc4 Bf8 15. Qf3 Rb8 $146 ({Predecessor:} 15... Ne8 16. Bf1 Bb7 17. a5 b5 {½-½ (27) Zhidkov,V (2385)-Poluljahov,A (2480) Sochi 1996}) 16. a5 {Strongly threatening axb6.} b5 17. Nb6 $36 {[%mdl 2048] Black is under pressure.} Kg7 18. Red1 Bb4 {[%cal Rd7b6]} 19. Bg5 (19. g4 $14) 19... Re8 (19... Be7 $11) 20. Bxf6+ Nxf6 {[#]} 21. Qxf6+ $1 {[%mdl 512]} Kxf6 {[#]} 22. Ncd5+ $1 {[%mdl 512]} cxd5 23. Nxd5+ Kg7 24. Nxc7 Rf8 25. c3 Be7 26. b4 Rd8 27. Nd5 Bf8 28. Rd3 Be6 29. Rad1 Rdc8 30. Nb6 Rc7 31. f4 Re8 32. fxe5 Bb3 33. R1d2 Rxe5 34. Nd7 Re8 35. Nxf8 Rxf8 36. e5 Rfc8 37. Kf2 Rxc3 $2 (37... Be6 $16 {is a better defense.}) 38. Rxc3 $2 (38. Bb7 $18 {and the rest is easy.} Rxd3 39. Rxd3 Rc2+ 40. Ke3) 38... Rxc3 $16 {[%mdl 4096] Endgame KRB-KRB} 39. Bb7 Be6 40. Bxa6 Rb3 41. Bxb5 {Black must now prevent a6.} Rxb4 42. Bf1 Re4 43. Rd1 $1 {[%cal Rd1a1] And now Ra1 would win.} Rxe5 {[#]} (43... Ra4 $16) 44. Ra1 $1 $18 Rc5 45. Bg2 (45. a6 $142 Bd5 46. a7) 45... Rc2+ $16 46. Kg1 {a6 is the strong threat.} Rc7 47. a6 Ra7 48. Kf2 Bc8 49. Bf1 f5 (49... Kf8 $142) 50. Ke3 Kf6 51. Kd4 h5 {[#]} (51... Rd7+ $16 {was called for.} 52. Kc5 Re7) 52. Rc1 $1 $18 {[%cal Rc1c8]} Bxa6 53. Rc6+ Kf7 54. Bxa6 {KRB-KR} Re7 55. Bc4+ Kg7 56. Be6 Kf6 57. Kd5 {aiming for Ra6.} Kg5 58. h4+ (58. Ra6 $142) 58... Kg4 $16 59. Rc3 {Hoping for Re3.} g5 60. Rc4+ Kxg3 61. hxg5 Rg7 62. Ke5 Rxg5 63. Bxf5 h4 64. Rc3+ Kg2 65. Kf4 Rg3 66. Rc2+ Kg1 67. Be4 Rg8 68. Ke3 {Intending Rc1+ and mate.} Rg7 $2 {[%mdl 8192]} (68... h3 $14) 69. Rc1+ Kh2 70. Rh1+ {Precision: White = 58%, Black = 48%.} 1-0